000 00909cam a2200205 i 4500
005 20251221105835.0
008 250721s2006 ua gr 000 0 ara d
020 _a9773721795
082 1 4 _a218.2
_bق ي م
100 1 _aأبن قيم الجوزية، شمس الدين محمد بن أبي بكر الدمشقي،
_d691-751 ه،
_eمؤلف.
245 1 0 _aصحيح كتاب عدة الصابرين وذخيرة الشاكرين /
_cللإمام شمس الدين محمد بن أبي بكر بن قيم الجوزية ؛ تحقيق مصطفى أبو المعاطي.
250 _aالطبعة الأولى.
264 3 1 _aالقاهره :
_bدار الغد الجديد،
_c2006.
300 _a304 صفحة.
650 1 7 _aالإيمان.
650 1 7 _aالآداب الإسلامية.
700 1 _aأبو المعاطي، مصطفى
_eمحقق.
942 _2ddc
_cBK
999 _c102738
_d102738